Atmospheric dispersion modelling : an introduction to practical applications /

Guardado en:
Autor Principal: Barratt, Rod, 1947-
Formato: Libro
Idioma:English
Publicado: London : Earthscan, 2001.
Series:Business and environment practitioner series
Materias:
Etiquetas: Agregar Etiqueta
Sin Etiquetas, Sea el primero en etiquetar este registro!
LEADER 01366cam a22003615a 4500
001 EIQ.libpla003354
008 010905s2001####enka#####b####001#0#eng#d
005 20071205193121.0
245 1 0 |a Atmospheric dispersion modelling :  |b an introduction to practical applications /  |c Rod Barratt. 
260 |a London :  |b Earthscan,  |c 2001. 
300 |a xiii, 151 p. :  |b il. ;  |c 30 cm. 
440 0 |a Business and environment practitioner series 
504 |a Incluye referencias bibliográficas (p. [130]) e índice. 
020 |a 1853836427 (pbk. : alk. paper) 
100 1 |a Barratt, Rod,  |d 1947- 
082 0 0 |a 628.5/3/015118  |2 21 
650 4 |a Aire  |x Polución. 
650 4 |a Aire  |x Contaminación. 
650 4 |a Aire  |x Modelos matemáticos. 
650 4 |a Difusión atmosférica  |x Modelos matemáticos. 
650 4 |a Monitoreo ambiental  |x métodos 
650 4 |a Contaminantes del aire  |x Estándares. 
650 4 |a Contaminantes del aire  |x análisis. 
650 4 |a Air  |x Pollution. 
650 4 |a Air  |x Contamination. 
650 4 |a Air  |x Mathematical models. 
650 0 |a Atmospheric diffusion  |x Mathematical models. 
650 1 2 |a Air Pollutants  |x analysis. 
650 2 2 |a Air Pollutants  |x standards. 
650 2 2 |a Environmental Monitoring  |x methods. 
010 |a  2001005490 
040 |a DNLM/DLC  |c DLC  |d DLC  |d AR-BbSID 
859 |a AR-BbSID  |b BIB. PLAPIQUI  |h 628.530 151 18  |i B 27  |p 5657